| 000 | 00488pab a2200169 454500 | ||
|---|---|---|---|
| 008 | 180718b2011 xxu||||| |||| 00| 0 eng d | ||
| 100 | _aMaiti, Prasenjit | ||
| 245 | _aIs it politics or profits or even compassion? Unraveling the motivations for corporate citizenship | ||
| 260 | _c2011 | ||
| 300 | _ap.1-13. | ||
| 362 | _aJan-Mar | ||
| 650 | _aMotivation | ||
| 650 | _aSocial responsibility | ||
| 773 | _aIndian Journal of Training and Development | ||
| 908 | _aN | ||
| 909 | _a92390 | ||
| 999 |
_c92390 _d92390 |
||